LEADER 02723nam 2200901zu 450 001 9910708122503321 005 20230512165557.0 035 $a(CKB)3360000000465383 035 $a(SSID)ssj0001353174 035 $a(PQKBManifestationID)12571109 035 $a(PQKBTitleCode)TC0001353174 035 $a(PQKBWorkID)11315925 035 $a(PQKB)11004507 035 $a(OCoLC)828884270 035 $a(EXLCZ)993360000000465383 100 $a20160829d2009 uy 101 0 $aeng 135 $aurmn||||||||| 181 $ctxt 182 $cc 183 $acr 200 00$aCare of the combat amputee 210 31$a[Place of publication not identified]$cOffice of the Surgeon General United States Army$d2009 215 $a1 online resource $cillustrations (chiefly color) 225 0 $aTextbooks of military medicine Care of the combat amputee 300 $aBibliographic Level Mode of Issuance: Monograph 320 $aIncludes bibliographical references and index. 517 $aBuilders of Trust 606 $aWar wounds$xCare$xPatients$zUnited States 606 $aAmputees$xCare$zUnited States 606 $aSoldiers$xCare$zUnited States 606 $aTherapeutics 606 $aPersons with Disabilities 606 $aMedicine 606 $aPersons 606 $aWounds and Injuries 606 $aOrthopedic Procedures 606 $aOccupational Groups 606 $aDisease 606 $aHealth Occupations 606 $aSurgical Procedures, Operative 606 $aMilitary Medicine 606 $aRehabilitation 606 $aVeterans 606 $aMilitary Personnel 606 $aAmputation, Surgical 606 $aAmputation, Traumatic 606 $aAmputees 615 0$aWar wounds$xCare$xPatients 615 0$aAmputees$xCare 615 0$aSoldiers$xCare 615 2$aTherapeutics. 615 2$aPersons with Disabilities. 615 2$aMedicine. 615 2$aPersons. 615 2$aWounds and Injuries. 615 2$aOrthopedic Procedures. 615 2$aOccupational Groups. 615 2$aDisease. 615 2$aHealth Occupations. 615 2$aSurgical Procedures, Operative. 615 2$aMilitary Medicine. 615 2$aRehabilitation. 615 2$aVeterans. 615 2$aMilitary Personnel. 615 2$aAmputation, Surgical. 615 2$aAmputation, Traumatic. 615 2$aAmputees. 676 $a362.4/385 702 $aCooper$b Rory A. 702 $aPasquina$b Paul F. 712 02$aBorden Institute (U.S.), 712 02$aUnited States Department of the Army, 801 0$bPQKB 906 $aBOOK 912 $a9910708122503321 996 $aCare of the combat amputee$93282595 997 $aUNINA LEADER 03870oas 2201477 a 450 001 9910948233303321 005 20251121213018.0 011 $a1552-4175 035 $a(DE-599)ZDB2070503-7 035 $a(OCoLC)42255486 035 $a(CONSER) 2004215741 035 $a(CKB)963017742170 035 $a(EXLCZ)99963017742170 100 $a19990827a19999999 sy a 101 0 $aeng 181 $ctxt$2rdacontent 182 $cc$2rdamedia 183 $acr$2rdacarrier 200 10$aBiological research for nursing 210 $aThousand Oaks, Calif. $cSage Publications$d1999- 215 $a1 online resource 300 $aRefereed/Peer-reviewed 300 $aTitle from banner GIF (publisher's Web site, viewed September 08, 2004). 311 08$a1099-8004 531 0 $aBiol. res. nurs. 606 $aMedicine$xResearch$vPeriodicals 606 $aNursing$vPeriodicals 606 $aBiology$xResearch$vPeriodicals 606 $aBiological Science Disciplines 606 $aNursing Research 606 $aMe?decine$xRecherche$vPe?riodiques 606 $aSoins infirmiers$vPe?riodiques 606 $aBiologie$xRecherche$vPe?riodiques 606 $aSoins infirmiers$xRecherche$vPe?riodiques 606 $abiological sciences$2aat 606 $aBiology$xResearch$2fast$3(OCoLC)fst00832448 606 $aMedicine$xResearch$2fast$3(OCoLC)fst01015059 606 $aNursing$2fast$3(OCoLC)fst01041731 606 $aBiologie$2rasuqam 606 $aRecherche me?dicale$2rasuqam 606 $aSoins infirmiers$2rasuqam 606 $aMedicina$2thub 606 $aInfermeria$2thub 606 $aBiologia$2thub 606 $aInvestigació en infermeria$2thub 608 $aPeriodical. 608 $aPeriodicals.$2fast 608 $aPeriodicals.$2lcgft 608 $aPe?riodique e?lectronique (Descripteur de forme)$2rasuqam 608 $aRessource Internet (Descripteur de forme)$2rasuqam 608 $aRevistes electròniques.$2thub 615 0$aMedicine$xResearch 615 0$aNursing 615 0$aBiology$xResearch 615 2$aBiological Science Disciplines. 615 2$aNursing Research. 615 6$aMe?decine$xRecherche 615 6$aSoins infirmiers 615 6$aBiologie$xRecherche 615 6$aSoins infirmiers$xRecherche 615 7$abiological sciences. 615 7$aBiology$xResearch. 615 7$aMedicine$xResearch. 615 7$aNursing. 615 7$aBiologie. 615 17$aRecherche me?dicale. 615 17$aSoins infirmiers. 615 7$aMedicina. 615 7$aInfermeria. 615 7$aBiologia. 615 7$aInvestigació en infermeria. 676 $a610.72 801 0$bF#A 801 1$bF#A 801 2$bOCL 801 2$bOCLCQ 801 2$bMXC 801 2$bOCLCQ 801 2$bNSD 801 2$bMUQ 801 2$bWAU 801 2$bOCLCQ 801 2$bUQ1 801 2$bKSU 801 2$bOCLCQ 801 2$bOCLCO 801 2$bOCLCQ 801 2$bAGL 801 2$bOCLCF 801 2$bOCLCO 801 2$bOCLCQ 801 2$bOCLCO 801 2$bOCLCQ 801 2$bOCLCO 801 2$bOCLCQ 801 2$bNLE 801 2$bU3W 801 2$bOCLCO 801 2$bOCLCA 801 2$bEZC 801 2$bOCLCO 801 2$bAU@ 801 2$bOCLCO 801 2$bWYU 801 2$bOCLCO 801 2$bUKMGB 801 2$bOCLCA 801 2$bTKN 801 2$bVT2 801 2$bOCLCO 801 2$bCNTRU 801 2$bBWN 801 2$bUBY 801 2$bOCLCO 801 2$bQGK 801 2$bOCLCQ 801 2$bOCLCO 801 2$bOCLCQ 801 2$bOCLCL 801 2$bS2H 801 2$bOCLCQ 801 2$bSXB 906 $aJOURNAL 912 $a9910948233303321 996 $aBiological research for nursing$92322699 997 $aUNINA